[Event "EU-ch Hybrid U12 Girls"]
[Site "Tornelo INT"]
[Date "2021.10.15"]
[Round "9"]
[White "Romanchenko, Olga"]
[Black "Papeta, Ariadni"]
[Result "1-0"]
[WhiteElo "1208"]
[BlackElo "1128"]
[PlyCount "77"]
[EventDate "2021.10.15"]
[EventType "swiss"]
[EventRounds "9"]
[EventCountry "NET"]
[SourceTitle "EXT 2023"]
[Source "ChessBase"]
[SourceDate "2022.10.05"]
[SourceVersion "1"]
[SourceVersionDate "2022.10.05"]
[SourceQuality "1"]
[WhiteTeam "Russia"]
[BlackTeam "Zypern"]
[WhiteTeamCountry "RUS"]
[BlackTeamCountry "CYP"]

1. c4 e5 2. e3 Nf6 3. a3 Be7 4. Nc3 0-0 5. d4 d6 6. Be2 exd4 7. exd4 Be6 8. Nf3 d5 9. c5 Nc6 10. 0-0 Qd7 11. Bg5 h6 12. Bf4 b6 13. b4 bxc5 14. bxc5 Ne4 15. Nb5 Nf6 16. Nxc7 Rac8 17. Nxe6 Qxe6 18. Re1 Ne4 19. Ne5 Nxe5 20. Bxe5 Nc3 21. Qc2 Nxe2+ 22. Rxe2 Qd7 23. Rae1 Rce8 24. h3 f6 25. Bg3 Bd8 26. Bd6 Rxe2 27. Qxe2 Rf7 28. Qe8+ Kh7 29. Qxd7 Rxd7 30. Bg3 Ba5 31. Rb1 Bc3 32. c6 Re7 33. c7 Re8 34. Rb8 Re1+ 35. Kh2 Bxd4 36. c8Q Re7 37. Qf5+ g6 38. Qxd5 Bc3 39. Qg8# 1-0